000 00724nam a2200205 a 4500
001 000014611
005 20200929163856.0
008 100115s1995 pe 000 0bspa d
020 _a8483896125
040 _aDO-SdBNP
_bspa
_cBNPHU
082 _a923.2
_bB222P
100 1 _aPuente Brunke, José de la,
_d1961-
_933092
245 1 0 _aJosé Baquíjano y Carrillo /
_cJosé de la Puente Brunke.
260 _aLima, Perú :
_bBrasa,
_c1995.
300 _a123, [4] p. ;
_c21 cm.
490 1 _aForjadores del perú
_v13
600 1 4 _aBAQUÍJANO Y CARRILLO, JOSÉ,
_cIII CONDE DE VISTAFLORIDA, DE LA REAL ORDEN DE CARLOS III. ESPAÑA
_d1751-1817
_xBIOGRAFÍAS
_933093
830 0 _aForjadores del perú ;
_v13
_933080
049 _aBNGR
999 _c14196
_d14196